| 000 | 00530nam a2200169Ia 4500 | ||
|---|---|---|---|
| 008 | 210716s2000 xx 000 0 und d | ||
| 020 | _a8120309286 | ||
| 041 | _aeng | ||
| 082 | _a004.62 COMD | ||
| 100 | _aComer, Douglas E;Stevens, David L. | ||
| 245 |
_aInternetworking with tcp/ip: client server programming and applications. _bClient server programming and applications. |
||
| 250 | _a1 | ||
| 260 |
_aNew Delhi _bPHI Learning Pvt Ltd _c2000 |
||
| 300 | _axxiv,498 | ||
| 440 | _v3 | ||
| 650 | _aInternet,Working With TCP/IP | ||
| 999 |
_c184512 _d184512 |
||